000 04638nab a2200349 i 4500
003 BR-BrBNA
005 20250815171032.0
008 250815b2017 bl.qr|pooa||| 00| 0 por |
040 _aBR-BrBNA
_bpor
072 _aT01
_b3290
072 _aP34
100 _aGarcia, Kaio Gráculo Vieira
100 _aGomes, Vânia Felipe Freire
100 _aMendes Filho, Paulo Furtado
100 _aMartins, Claudia Miranda
100 _aAlmeida, Aldênia Mendes Mascena de
100 _aSilva Júnior, José Maria Tupinambá da
245 _aTolerância de Mimosa caesalpiniaefolia Benth. associada a micorrizas arbusculares em substrato da mineração de manganês
500 _a Publicação online; 44 ref.; 5 illus.; Summaries (En, Pt)
520 _a RESUMO: A exploração mineral é considerada uma das principais ações antrópicas que causam a poluição do solo com metais, dentre os quais se encontra o manganês (Mn), que quando em excesso pode causar sintomas de toxidez, inibir o crescimento das plantas e causar alterações nas comunidades vegetais. Objetivou-se avaliar os efeitos dos fungos micorrízicos arbusculares (FMA) na tolerância da espécie Mimosa caesalpiniaefolia Benth. ao substrato degradado pelo rejeito da mineração de Mn e mata preservada. O delineamento experimental foi inteiramente casualizado, em arranjo fatorial 2 x 4, considerando-se: i) dois tipos de substrato (degradado pelo rejeito da mineração de Mn e mata preservada); ii) quatro tratamentos de inoculação com FMA (controle não inoculado, Rhizophagus clarus, Claroideoglomus etunicatum e Mix) com quatro repetições. Aos 60 dias após o transplantio, as variáveis analisadas foram: massa da matéria seca da parte aérea e raiz, densidade de esporos, colonização micorrízica, teor de N e P na parte aérea, teor de Mn na parte aérea e raiz e o fator de translocação de Mn. A inoculação com FMA influencia de forma positiva no aumento da massa da matéria seca da parte aérea e raiz, bem como na tolerância da espécie M. caesalpiniaefolia Benth ao Mn. A espécie vegetal apresenta colonização micorrízica mesmo sob condições de baixa densidade de esporos no substrato com elevado teor de Mn. M. caesalpiniaefolia Benth atua como fitoestabilizadora em áreas degradadas pela mineração de Mn, independente da inoculação com FMA. PALAVRAS-CHAVE: Sabiá, Colonização Micorrízica, Fitoestabilização, Metais
520 _a ABSTRACT: Mineral exploration is considered one of the major human activities that cause soil pollution with metals, among which is the manganese (Mn), which when in excess may be toxic, inhibiting the growth of plants and changing the vegetables communities. This study aimed to evaluate the effects of arbuscular mycorrhizal fungi (AMF) on the tolerance of the species Mimosa caesalpiniaefolia Benth to the substrate degraded by Mn mining waste and preserved forest. The experimental design was completely randomized in a factorial arrangement 2 x 4, considering: i) two types of substrate (degraded by Mn mining waste and preserved forest); ii) four inoculation treatments with AMF (non-inoculated control, Rhizophagus clarus, Claroideoglomus etunicatum and Mix) with four replications. The following variables were analyzed 60 days after transplant: dry matter of shoot and roots, spore density, mycorrhizal colonization, shoot N and P content, Mn content in shoot and root and factor translocation of the Mn. Inoculation with AMF positively influence the increase in dry matter of shoot and root, as well as the tolerance of the species M. caesalpiniaefolia Benth to the Mn. The vegetable species presents mycorrhizal colonization even under conditions of low spore density at the substrate with high Mn content. M. caesalpiniaefolia Benth acts as phytostabilizer in areas degraded by mining Mn, independent the inoculation with AMF. KEYWORDS: Sabiá, Mycorrhiza colonization, Phytostabilization, Heavy metals
650 _aSABIÁ
650 _aMINERALOGIA
650 _aMANGANÊS
650 _aDETERIORAÇÃO DO SOLO
650 _aMETAL PESADO
650 _aFITORREMEDIAÇÃO
773 0 _03551
_9345994
_dBelém-PA Faculdade de Ciências Agrárias do Pará 1999
_o2024-6643
_tRevista de Ciências Agrárias (Brazil)
_x1517-591X Impresso/Versão online ISSN 2177-8760
_gv. 60(3) p. 247-255; (2017)
_wBR2025002998
856 _uhttps://ajaes.ufra.edu.br/index.php/ajaes/article/view/2500/1452
942 _cANA
999 _c337640
_d337640